Statistiques concernant Les 50... Personnages MARVEL Comics

Cliquez ici pour prendre le quiz!

Statistiques générales

  • Ce quiz a été pris 347 fois
  • Le résultat moyen est 31 sur 50

Statistiques - réponses

Réponse% Correct
Hulk
100%
Spider-Man
100%
Captain America
97%
Iron Man
97%
Thor
97%
Deadpool
96%
Dr Strange
96%
Venom
94%
Wolverine
93%
Black Panther
91%
Groot
91%
Thanos
90%
Loki
88%
Ant-Man
84%
Veuve Noire
82%
Odin
75%
Daredevil
73%
La Chose
73%
Nick Fury
73%
Professeur X
70%
Captain Marvel
68%
Silver Surfer
68%
La Guèpe
65%
Magneto
65%
Star Lord
65%
Tornade
61%
Ghost Rider
60%
Le Bouffon Vert
60%
The Punisher
60%
Cyclope
59%
Hawkeye
56%
Rocket Raccoon
56%
Moon Knight
54%
Carnage
50%
Sorciere Rouge
49%
Dr Fatalis
47%
Blade
39%
Colossus
37%
Mystique
36%
Dr Octopus
35%
Vif-Argent
31%
Hercule
30%
Malicia
26%
X-23
22%
Iceberg
20%
Emma Frost
17%
Flèche noire
16%
Psylocke
15%
Johnny Storm
13%
Havoc
7%

Distribution des résultats

Percentile par nombre de réponses

% des personnes avec chaque résultat

Votre développement - résultats

Vous n’avez pas pris ce quiz